Pedestrianised towns now want cars. (Record no. 61806)

MARC details
000 -LEADER
fixed length control field 00830cam a2200205 4500
001 - CONTROL NUMBER
control field WB3538-26
008 - FIXED-LENGTH DATA ELEMENTS--GENERAL INFORMATION
fixed length control field 000000n1999 000 0 eng u
035 ## - SYSTEM CONTROL NUMBER
System control number (Sirsi) u102834
245 ## - TITLE STATEMENT
Title Pedestrianised towns now want cars.
260 ## - PUBLICATION, DISTRIBUTION, ETC.
Date of publication, distribution, etc. 1999
490 ## - SERIES STATEMENT
Series statement Independent on Sunday
Volume/sequential designation 26 September 1999, 12(2)
520 ## - SUMMARY, ETC.
Summary, etc. With many local authorities still committed to increasing the number of pedestrian areas in town centres, evidence from cities such as Norwich suggests that such anti-car measures can lead to higher retail rents squeezing out smaller retailers, and a lack of use of such areas at night due to inadequate transport links.
650 ## - SUBJECT ADDED ENTRY--TOPICAL TERM
Topical term or geographic name entry element PEDESTRIANISATION
650 ## - SUBJECT ADDED ENTRY--TOPICAL TERM
Topical term or geographic name entry element TOWN CENTRES
650 ## - SUBJECT ADDED ENTRY--TOPICAL TERM
Topical term or geographic name entry element NORWICH
650 ## - SUBJECT ADDED ENTRY--TOPICAL TERM
Topical term or geographic name entry element LONDON
650 ## - SUBJECT ADDED ENTRY--TOPICAL TERM
Topical term or geographic name entry element IPSWICH
690 ## - LOCAL SUBJECT ADDED ENTRY--TOPICAL TERM (OCLC, RLIN)
Topical term or geographic name as entry element PLANNING LAW AND PRACTICE
942 ## - ADDED ENTRY ELEMENTS (KOHA)
Suppress in OPAC 0
Holdings
Withdrawn status Lost status Source of classification or shelving scheme Damaged status Not for loan Home library Current library Shelving location Date acquired Total Checkouts Full call number Barcode Date last seen Copy number Price effective from Koha item type
    Dewey Decimal Classification     London London News article 25/11/1999   WB3538-26 102834-1001 06/08/2019 1 06/08/2019 News article